00752nam a2200205 i 450000100060000000300090000600500170001500700030003200800410003510000230007624501260009926000370022530000220026270000280028470000270031270000360033985200320037599900170040795201220042435401ES-MaACL20230906155125.0t|030212s1968 sp ||||1| spa d1 aBosc, Jean.93063110aTeólogos protestantes contemporáneos / cJean Bosc, Maurice Carrez, André Dumas ; [tradujo Alfonso Ortiz García]. aSalamanca : bSígueme, c1968. a189 p. ; c19 cm.1 aCarrez, Maurice.9357351 aDumas, André.9459831 aOrtiz García, Alfonso.987618 aES-MaACLjC-51628 bR.67322 c35401d35401 00104070aATENEOMbATENEOMcDEPO2d2008-01-17eSCl0oC-51628p1037036r2023-02-23 00:00:00w2023-02-23yMONOGRAFIA